|
|
|
|
| LEADER |
00000nam a22000007a 4500 |
| 005 |
20210823125237.0 |
| 007 |
cr|||| |||| |
| 008 |
210823s2021 es |||||s|||| 00||0 spa d |
| 020 |
|
|
|a 978-84-1377-412-1
|
| 035 |
|
|
|a 33551
|
| 040 |
|
|
|a vLex
|
| 090 |
|
|
|c 12108
|d 12108
|
| 100 |
1 |
|
|a Sǹchez Ballesteros, Vanesa
|
| 245 |
1 |
0 |
|a Situacin̤ actual de la proteccin̤ a la dependencia problemt̀ica ante el covid
|h [Recurso electrn̤ico] /
|c Vanesa Sǹchez Ballesteros
|
| 256 |
|
|
|a Servicio en ln̕ea
|
| 260 |
|
|
|a Madrid:
|b Dykinson,
|c 2021
|
| 300 |
|
|
|a 1 recurso electrn̤ico
|
| 500 |
|
|
|a Este trabajo sobre el derecho a la dependencia que aqu ̕se presenta es producto de la reflexin̤ en la bs︢queda de soluciones ante la situacin̤ extraordinaria que nos encontramos con motivo de la crisis sanitaria de la pandemia covid-19. Es menester plantearnos ciertas cuestiones en relacin̤ a la proteccin̤ de la situacin̤ de la dependencia y su efectividad. Tras trece aǫs de vigencia de la Ley de proteccin̤ a la situacin̤ de dependencia y mucho ms̀ an︢, con las circunstancias en las que nos encontramos tan devastadoras con la salud de nuestros mayores, especialmente ante las altas tasas de mortalidad en este sector de la poblacin̤ que reside en centros, hemos de analizar cul̀es son las soluciones y estrategias ms̀ adecuadas para evitar males mayores. Aqu,̕ adems̀, se estudian los posibles daǫs que se han producido en cuanto a derechos por parte de la poblacin̤ ms̀ vulnerable, si se lesionan derechos como el de la vida, por la priorizacin̤ de la atencin̤ a la salud, el derecho a la salud e incluso el de la dignidad. Asimismo, ante tal contingencia sanitaria, este trabajo plantea las posibles propuestas de mejoras a la proteccin̤ de nuestros mayores en cuanto a procedimientos de reconocimiento de la situacin̤ de dependencia, en el respeto a sus derechos fundamentales y especialmente al derecho de igualdad consagrado en nuestra Constitucin̤.
|
| 506 |
1 |
|
|a Disponible solo en los productos indicados
|d vLex Global
|d vLex Global (Academic Edition, excluding Law Schools)
|d vLex Global (U.S. Academic Edition, Law Schools)
|d vLex Global (U.S. Academic Edition, excluding Law Schools)
|d vLex Global (Academic Edition, Law Schools)
|
| 650 |
0 |
4 |
|a Derecho Civil
|z Espaą
|
| 650 |
0 |
4 |
|a Derecho Pb︢lico y Administrativo
|z Espaą
|
| 650 |
0 |
4 |
|a Sanidad
|z Espaą
|
| 740 |
0 |
|
|a vLex Libros (Servicio en ln̕ea)
|
| 856 |
4 |
0 |
|u https://app.vlex.com/#/sources/33551
|z Acceso restringido
|
| 942 |
|
|
|c BOOK
|
| 999 |
0 |
|
|a Civil Law
|
| 999 |
0 |
|
|a Public and Administrative Law
|
| 999 |
0 |
|
|a Health
|